|
|
|
|
| LEADER |
01194nam a2200241 a 4500 |
| 001 |
13842243 |
| 008 |
100117s1996 bg ab s f000 0 eng d |
| 010 |
|
|
|a \\2004312174
|
| 040 |
|
|
|a DLC
|c DLC
|d DLC
|d BD-DhAAL
|
| 082 |
0 |
0 |
|a 338.9549/2
|2 20
|
| 245 |
0 |
0 |
|a Rural Employment Sector Programme II Bangladesh :
|b annual progress report, 1 July 1995-30 June 1996, including RESP II 1990/91-1995/96 achievements.
|
| 260 |
|
|
|a Dhaka :
|b Programme Coordination Unit,
|c 1996.
|
| 300 |
|
|
|a 1 v. (various pagings) :
|b ill. (some col.), col. maps ;
|c 29 cm.
|
| 500 |
|
|
|a At head of title: Ministry of Local Government, Rural Development & Cooperatives.
|
| 500 |
|
|
|a Includes statistical tables.
|
| 541 |
1 |
|
|e 00006383
|
| 650 |
|
0 |
|a Manpower policy, Rural
|z Bangladesh.
|
| 650 |
|
0 |
|a Manpower policy, Rural
|z Bangladesh
|v Statistics.
|
| 610 |
2 |
0 |
|a Rural Employment Sector Programme II (Bangladesh)
|
| 710 |
1 |
|
|a Bangladesh.
|b Ministry of Local Government, Rural Development, and Co-operatives.
|
| 852 |
4 |
|
|a Ayesha Abed Library
|j General shelf
|
| 999 |
|
|
|c 7049
|d 7049
|
| 952 |
|
|
|0 0
|1 0
|2 ddc
|4 0
|6 338_954920000000000_RUR_1996
|7 0
|9 7313
|a BRACUL
|b BRACUL
|c GEN
|d 2010-01-19
|l 0
|o 338.95492 RUR
|p 3010006383
|r 2010-01-19
|t 1
|w 2010-01-19
|y BK
|